000 00489nam a2200181Ia 4500
001 10389
005 20260306161828.0
008 260306t2009||||xx |||||||||||||| ||spa||
041 _aESP
082 _a922.8507
_bC75
100 _aColegio de Abogados de Arequipa
_eAUT
245 0 _aEstudios bibliográficos en homenaje al Monseñor:
_bLuis Sánchez-Moreno Lira
260 _c2009
300 _a114 páginas :
_c25 cm.
650 _aGEN
654 _aCHU
942 _cLIB
_dJUS
_fJUS
_2ddc
_n
999 _c10389
_d10389